Knowledge Indonesia #1 - Statistics

General Stats
  • This quiz has been taken 26 times
  • The average score is 12 of 15
Answer Stats
Hint Answer % Correct
National clothing which is a cultural heritage Batik
94%
The fruit that has the strongest smell Durian
94%
The only animal that exist here Komodo
94%
National Monument Monas
94%
The city is famous for it's pempek dish Palembang
94%
Traditional public transportation in the form of a minibus Angkot
89%
An area called the rainy city Bogor
83%
An area famous for it's apples Malang
83%
Place the monument area above Jakarta
78%
The mountain with the worst eruption in history Krakatoa
78%
The area ruled by the palace Yogyakarta
78%
The highest mountain Jayawijaya
72%
Folk tale about a disobedient child Malin Kundang
67%
Areas where marijuana is legal Aceh
61%
Regional leader title above Sri Sultan
61%
No matching quizzes found
Score Distribution
Percent of People with Each Score
Percentile by Number Answered
Your Score History
You have not taken this quiz